Endocrinologia sessuale : dal sesso all'intersesso /

Guardat en:
Dades bibliogràfiques
Autor principal: Dati, Teuclo (Autor)
Format: Llibre
Idioma:italià
Publicat: Roma : Il pensiero scientifico, stampa 1955
Etiquetes: Afegir etiqueta
Sense etiquetes, Sigues el primer a etiquetar aquest registre!

MARC

LEADER 00000nam a22000007i 4500
001 IT\ICCU\MIL\0374185
003 ItRI
005 20250730230322.0
008 980602s1955 it |||||| ||||| |||||c
015 |2 IT  |a 1955 6254 
024 7 0 |a 190636  |2 cubi 
040 |b ita  |c ct 
041 7 |a ita  |2 ISO-639-2 
100 1 |a Dati, Teuclo  |0 IT\ICCU\SBLV\153160  |4 aut 
245 1 0 |a Endocrinologia sessuale :  |b dal sesso all'intersesso /  |c Teuclo Dati. 
260 |a Roma :  |b Il pensiero scientifico,  |c stampa 1955 
300 |a VII, 986 p. :  |b ill. ;  |c 25 cm. 
942 |2 ddc  |c BK 
952 |0 0  |1 0  |2 ddc  |4 0  |6 B_SMD03DATTEEND11  |7 1  |9 8471  |a MI  |b MI  |d 2005-12-28  |i 1416  |l 0  |o B-SMD03-DATTE-END11  |p CDOM1416  |r 2025-07-17 21:50:28  |w 2025-07-17  |y BK 
981 1 |6 z01  |a i   |b xxxe  
982 1 |6 z01  |a n 
999 |c 7055  |d 7055